[Event "Montreal Paques op U2000"]
[Site "Montreal"]
[Date "2006.04.16"]
[Round "4"]
[White "Mathews, Theo"]
[Black "Allen, Marc Antoine"]
[Result "0-1"]
[WhiteElo "1652"]
[BlackElo "1664"]
[PlyCount "98"]
[EventDate "2006.04.14"]
[EventType "tourn"]
[EventRounds "5"]
[EventCountry "CAN"]
[SourceTitle "EXT 2007"]
[Source "ChessBase"]
[SourceDate "2006.11.23"]
[SourceVersion "1"]
[SourceVersionDate "2006.11.23"]
[SourceQuality "1"]

1. e4 e5 2. Nf3 Nf6 3. Nc3 Nc6 4. Bc4 Bc5 5. 0-0 d6 6. h3 Be6 7. Bb3 0-0 8. d3 h6 9. Ne2 Bxb3 10. axb3 d5 11. Ng3 dxe4 12. Nxe4 Nxe4 13. dxe4 Qe7 14. c3 Rfd8 15. Qc2 a6 16. Re1 Rd7 17. b4 Ba7 18. Be3 Bxe3 19. Rxe3 Rad8 20. Ree1 Rd3 21. Rad1 Qd6 22. Rxd3 Qxd3 23. Qxd3 Rxd3 24. Kf1 Kf8 25. Ke2 Rd7 26. Rd1 Rxd1 27. Kxd1 Ke7 28. Kc2 Kd6 29. Nd2 Ne7 30. c4 c5 31. Kc3 cxb4+ 32. Kxb4 Nc6+ 33. Kc3 Nd4 34. g3 a5 35. Nf1 Kc5 36. Ne3 a4 37. h4 b5 38. cxb5 Nxb5+ 39. Kd3 Kb4 40. Kc2 Nd4+ 41. Kb1 Kb3 42. f4 Nf3 43. fxe5 Nd2+ 44. Kc1 Nxe4 45. Nf5 Nc5 46. Nd4+ Ka2 47. Kc2 Nb3 48. Nxb3 axb3+ 49. Kc3 h5 0-1